[Event "18th Brasschaat Open 2018"]
[Site "Brasschaat"]
[Date "2018.08.24"]
[Round "7"]
[White "Dauw, Sterre"]
[Black "De Bock, Thijs"]
[Result "1-0"]
[WhiteElo "2192"]
[BlackElo "1959"]
[Annotator "NA"]
[PlyCount "53"]
[EventDate "2018.08.18"]
[EventType "swiss"]
[EventCountry "BEL"]
[SourceTitle "playchess.com"]
[Source "ChessBase"]
[SourceQuality "1"]
[TimeControl "40/5400+30:1800+30"]

1. e4 {[%emt 0:00:22]} g6 {[%emt 0:00:00]} 2. d4 {[%emt 0:00:12]} Bg7 {[%emt 0:00:00]} 3. Nc3 {[%emt 0:00:04]} c6 {[%emt 0:00:00]} 4. h3 {[%emt 0:00:22]} d5 {[%emt 0:00:00]} 5. e5 {[%emt 0:00:17]} c5 {[%emt 0:02:56] B15: Caro-Kann: 3 Nc3: 3...g6 and 3...dxe4 4 Nxe4 Nf6 5 Nxf6+ exf6} 6. f4 {[%emt 0:07:45]} e6 $146 {[%emt 0:06:26]} ({Predecessor:} 6... cxd4 7. Qxd4 e6 8. Nf3 Nc6 9. Qf2 Nge7 10. Be3 O-O 11. g4 f6 12. exf6 Bxf6 13. O-O-O Bxc3 14. bxc3 {0-1 (29) De Firmian,N (2570)-Speelman,J (2630) Brussels 1992}) 7. dxc5 {[%emt 0:08:54]} ({Günstiger ist} 7. Nf3 $16) 7... Qh4+ {[%emt 0:01:38]} 8. Ke2 {[%emt 0:01:26]} b6 {[%emt 0:07:24]} 9. Nf3 {[%emt 0:03:51]} Ba6+ {[%emt 0:02:52]} 10. Ke3 {[%emt 0:03:49]} Qg3 $2 {[%emt 0:02:35]} (10... Qd8 $16 {is a better chance.}) 11. Bxa6 {[%emt 0:08:01]} Nxa6 {[%emt 0:02:21]} 12. Ne2 {[%emt 0:05:26]} d4+ {[%emt 0:05:37]} 13. Qxd4 {[%emt 0:00:53]} Qxg2 {[%emt 0:00:11]} 14. Rg1 {[%emt 0:00:38]} Qxh3 {[%emt 0:00:15]} 15. Qa4+ {[%emt 0:00:22]} Kf8 {[%emt 0:00:10]} 16. Qxa6 {[%emt 0:00:04]} bxc5 {[%emt 0:06:43]} 17. Qc6 {[%emt 0:01:48]} Rd8 {[%emt 0:00:04]} 18. Qxc5+ {[%emt 0:00:39]} Ne7 {[%emt 0:00:02]} 19. b3 {[%emt 0:03:57]} Rd5 {[%emt 0:02:30]} 20. Qxa7 {[%emt 0:02:40]} Kg8 {[%emt 0:00:03]} 21. Ba3 {[%emt 0:03:39]} Nf5+ {[%emt 0:02:48]} 22. Kf2 {[%emt 0:00:08]} Bh6 {[%emt 0:00:51]} 23. Rh1 {[%emt 0:00:33]} Qg4 {[%emt 0:00:45]} 24. Rag1 {[%emt 0:00:29]} Ng3 {[%emt 0:00:05]} 25. Rxg3 {[%emt 0:00:36]} Qf5 {[%emt 0:00:09]} 26. Rxh6 {[%emt 0:01:23]} Kg7 {[%emt 0:00:09]} 27. Rh1 $18 {[%emt 0:01:29]} 1-0

[Event "18th Brasschaat Open 2018"]
[Site "Brasschaat"]
[Date "2018.08.24"]
[Round "7"]
[White "Den Hartog, Marijn"]
[Black "Pirard, Natan"]
[Result "1-0"]
[WhiteElo "2118"]
[BlackElo "2067"]
[Annotator "NA"]
[PlyCount "67"]
[EventDate "2018.08.18"]
[EventType "swiss"]
[EventCountry "BEL"]
[SourceTitle "playchess.com"]
[Source "ChessBase"]
[SourceQuality "1"]
[TimeControl "40/5400+30:1800+30"]

1. Nf3 {[%emt 0:00:00]} Nf6 {[%emt 0:00:06]} 2. g3 {[%emt 0:00:00]} d5 {[%emt 0:00:06]} 3. Bg2 {[%emt 0:00:00]} e6 {[%emt 0:00:18]} 4. O-O {[%emt 0:00:05]} Be7 {[%emt 0:00:05]} 5. d3 {[%emt 0:00:46]} c5 {[%emt 0:01:02]} 6. Nbd2 {[%emt 0:00:18]} Nc6 {[%emt 0:00:35]} 7. e4 {[%emt 0:00:53]} O-O {[%emt 0:04:51]} 8. Re1 {[%emt 0:00:39]} Qc7 {[%emt 0:02:42]} 9. c3 {[%emt 0:00:37]} Rb8 {[%emt 0:13:01] C00: French: Unusual White 2nd moves} (9... b6 10. e5 Nd7 11. Qe2 a5 12. Nf1 a4 13. Bf4 Bb7 14. h4 Rfc8 15. Ne3 Qd8 16. h5 b5 17. Nxd5 exd5 18. e6 Nf8 19. exf7+ Kxf7 {0-1 (37) Morozevich,A (2675)-Hou,Y (2666) Biel 2017 CBM 180 [Sumets,A]}) 10. e5 {[%emt 0:11:28]} Nd7 {[%emt 0:00:49]} 11. Qe2 {[%emt 0:00:03]} b5 {[%emt 0:06:37]} 12. Nf1 {[%emt 0:03:52]} c4 {[%emt 0:08:22]} 13. d4 {[%emt 0:01:48]} b4 {[%emt 0:00:57]} 14. h4 {[%emt 0:13:03]} bxc3 {[%emt 0:01:49]} 15. bxc3 {[%emt 0:00:03]} Qa5 {[%emt 0:02:51]} 16. Qc2 {[%emt 0:02:07]} f6 $146 {[%emt 0:03:36]} ({Predecessor:} 16... h6 17. N1h2 Nb6 18. Rb1 Bd7 19. Ng4 {0-1 (58) Beridze,T (1903)-Vazirova,K (2098) Urgup 2004}) 17. exf6 {[%emt 0:01:36]} Nxf6 {[%emt 0:01:15]} 18. Bf4 {[%emt 0:02:48]} Rb7 {[%emt 0:05:36]} 19. Ng5 {[%emt 0:11:39]} Ba3 {[%emt 0:03:22]} 20. Nxe6 {[%emt 0:03:04]} Rb2 {[%emt 0:05:33]} 21. Qd1 {[%emt 0:00:19]} Re8 {[%emt 0:12:37]} 22. Nc7 {[%emt 0:20:30]} Rd8 {[%emt 0:01:35] [#]} 23. Ne3 $18 {[%emt 0:06:33]} Ne7 {[%emt 0:13:39]} 24. Be5 {[%emt 0:06:58]} Rf8 {[%emt 0:03:57]} 25. Rf1 {[%emt 0:06:48]} Qxc3 {[%emt 0:04:13]} 26. Ncxd5 {[%emt 0:04:59]} Nfxd5 {[%emt 0:02:25]} 27. Nxd5 {[%emt 0:00:05]} Nxd5 {[%emt 0:00:50]} 28. Bxd5+ {[%emt 0:00:03]} Kh8 {[%emt 0:00:03]} 29. Qh5 {[%emt 0:00:23]} Rbxf2 {[%emt 0:00:36]} 30. Bxg7+ {[%emt 0:00:39]} Kxg7 {[%emt 0:00:01]} 31. Qg5+ {[%emt 0:00:05]} Kh8 {[%emt 0:00:05]} 32. Qe5+ {[%emt 0:00:04]} R2f6 {[%emt 0:00:41]} 33. Rxf6 {[%emt 0:00:08]} Qxa1+ {[%emt 0:01:06]} 34. Rf1+ {[%emt 0:00:04]} 1-0

[Event "18th Brasschaat Open 2018"]
[Site "Brasschaat"]
[Date "2018.08.24"]
[Round "7"]
[White "Mitran, Anthony Cristian"]
[Black "Sadkowski, Daniel"]
[Result "0-1"]
[WhiteElo "2096"]
[BlackElo "2235"]
[Annotator "NA"]
[PlyCount "90"]
[EventDate "2018.08.18"]
[EventType "swiss"]
[EventCountry "BEL"]
[SourceTitle "playchess.com"]
[Source "ChessBase"]
[SourceQuality "1"]
[TimeControl "40/5400+30:1800+30"]

1. Nf3 {[%emt 0:00:00]} c5 {[%emt 0:02:39]} 2. b3 {[%emt 0:00:04]} Nc6 {[%emt 0:08:10]} 3. Bb2 {[%emt 0:01:32]} Nf6 {[%emt 0:02:06]} 4. e3 {[%emt 0:00:33]} d6 {[%emt 0:00:41]} 5. d4 {[%emt 0:00:08]} cxd4 {[%emt 0:00:13] A04: Holländisches System ohne Übergang in andere Systeme} 6. exd4 {[%emt 0:00:09]} d5 {[%emt 0:00:08]} (6... Bg4 7. h3 Bh5 8. Be2 e6 9. O-O Be7 10. c4 d5 11. a3 dxc4 12. bxc4 O-O 13. Nbd2 {0-1 (30) Dzhumagaliev,Y (2400)-Ponkratov,P (2613) Riadh 2017}) 7. a3 {[%emt 0:08:35]} Bg4 {[%emt 0:01:25]} 8. Bd3 {[%emt 0:02:27]} e6 {[%emt 0:00:30]} 9. O-O {[%emt 0:01:09]} Be7 {[%emt 0:00:53]} 10. Nbd2 {[%emt 0:00:18]} O-O {[%emt 0:00:43]} 11. Qe1 {[%emt 0:00:10]} Bh5 $146 {[%emt 0:14:10]} ({Vorgänger:} 11... Qb6 12. Qe3 Rac8 13. Qf4 {0-1 (24) Graeber,R (2308)-Bartel,M Ruhrgebiet 1999}) 12. h3 {[%emt 0:10:37]} Bg6 {[%emt 0:03:21]} 13. Bxg6 {[%emt 0:01:55]} hxg6 {[%emt 0:00:04]} 14. Qe3 {[%emt 0:02:37]} b5 {[%emt 0:01:59]} 15. Ne1 {[%emt 0:01:49]} Nd7 {[%emt 0:09:48]} 16. Nd3 {[%emt 0:04:14]} Bf6 {[%emt 0:00:40]} 17. f4 {[%emt 0:02:06]} Rc8 {[%emt 0:00:35]} 18. Nf3 {[%emt 0:03:20]} Na5 {[%emt 0:01:54]} 19. Rac1 {[%emt 0:02:06]} Nb7 {[%emt 0:00:38]} 20. Nfe5 {[%emt 0:01:31]} Nd6 {[%emt 0:01:08]} 21. g4 {[%emt 0:04:00]} Ne4 {[%emt 0:01:01]} 22. Nf2 {[%emt 0:04:52]} Nxf2 {[%emt 0:02:52]} 23. Nxd7 {[%emt 0:14:13]} Nxg4 {[%emt 0:08:56]} 24. hxg4 {[%emt 0:00:20]} Qxd7 {[%emt 0:00:05]} 25. Rf2 {[%emt 0:03:38]} Be7 {[%emt 0:03:02]} 26. Rh2 {[%emt 0:04:58]} f5 {[%emt 0:00:29]} 27. Re1 {[%emt 0:04:47]} Kf7 {[%emt 0:01:33]} 28. gxf5 $17 {[%emt 0:07:09]} exf5 {[%emt 0:00:56]} 29. Rg2 {[%emt 0:04:36]} Bh4 {[%emt 0:01:32]} 30. Ree2 {[%emt 0:03:31]} Rce8 {[%emt 0:09:36]} 31. Qf3 {[%emt 0:00:09]} Re4 {[%emt 0:00:18]} 32. c4 {[%emt 0:00:49]} bxc4 {[%emt 0:00:59]} 33. bxc4 {[%emt 0:00:01]} Rfe8 {[%emt 0:00:18]} 34. c5 {[%emt 0:04:31]} Qb5 {[%emt 0:01:29]} 35. Rxe4 {[%emt 0:01:12]} Rxe4 {[%emt 0:00:11]} 36. Rc2 {[%emt 0:00:36]} Bd8 {[%emt 0:03:10]} 37. Qf2 {[%emt 0:02:15]} Bc7 {[%emt 0:01:58]} 38. Bc1 {[%emt 0:00:07]} Qd3 {[%emt 0:06:40]} 39. Rb2 {[%emt 0:00:00]} Qd1+ {[%emt 0:00:36]} 40. Kg2 {[%emt 0:00:33]} Qxc1 {[%emt 0:00:24]} 41. Rb7 {[%emt 0:30:11]} Re7 {[%emt 0:30:10]} 42. Qa2 {[%emt 0:00:31]} Qxf4 {[%emt 0:10:58]} 43. Qxd5+ {[%emt 0:01:14]} Kf6 {[%emt 0:00:41]} 44. Qf3 {[%emt 0:00:00]} Qd2+ {[%emt 0:00:00]} 45. Kh3 {[%emt 0:00:00]} Qh2# {[%emt 0:02:51]} 0-1

[Event "18th Brasschaat Open 2018"]
[Site "Brasschaat"]
[Date "2018.08.24"]
[Round "7"]
[White "Oudewaal, Vincent"]
[Black "Vande Velde, Erik"]
[Result "1-0"]
[WhiteElo "2070"]
[BlackElo "1921"]
[Annotator "NA"]
[PlyCount "61"]
[EventDate "2018.08.18"]
[EventType "swiss"]
[EventCountry "BEL"]
[SourceTitle "playchess.com"]
[Source "ChessBase"]
[SourceQuality "1"]
[TimeControl "40/5400+30:1800+30"]

1. c4 {[%emt 0:00:00]} c6 {[%emt 0:00:00]} 2. g3 {[%emt 0:00:00]} d5 {[%emt 0:00:00]} 3. Bg2 {[%emt 0:00:00]} Nf6 {[%emt 0:00:00]} 4. Nf3 {[%emt 0:00:00]} Bf5 {[%emt 0:00:09]} 5. cxd5 {[%emt 0:00:29]} cxd5 {[%emt 0:00:16]} 6. Qb3 {[%emt 0:00:09]} Nc6 {[%emt 0:00:19] A11: English Opening: 1...c6} 7. Qxb7 {[%emt 0:01:59]} Bd7 {[%emt 0:00:13]} 8. Qb3 {[%emt 0:04:26]} e5 {[%emt 0:00:15]} 9. d3 {[%emt 0:06:15] LiveBook: 15 Games} (9. O-O e4 10. Ne1 Rb8 11. Qd1 h5 12. d3 h4 13. Bf4 hxg3 14. Bxg3 {½-½ (23) Artemiev,V (2697)-Petrosian,T (2589) Moscow 2018}) 9... Rb8 {[%emt 0:00:12]} 10. Qd1 {[%emt 0:01:07]} Bb4+ {[%emt 0:00:21]} 11. Nfd2 {[%emt 0:03:08]} Qc8 {[%emt 0:01:29]} 12. a3 {[%emt 0:12:38]} Nd4 {[%emt 0:14:54]} 13. O-O {[%emt 0:01:49]} Ba5 $146 {[%emt 0:15:05]} ({Predecessor:} 13... Qxc1 14. axb4 Qxd1 15. Rxd1 Nxe2+ {0-1 (44) Carlsson,L (2096)-Jogstad,M (2283) Uppsala 2017}) 14. b4 {[%emt 0:06:08]} Bb6 {[%emt 0:02:08]} 15. Bb2 {[%emt 0:05:40]} Bg4 {[%emt 0:14:27]} 16. Nc3 {[%emt 0:04:04]} h5 {[%emt 0:01:23]} 17. Nf3 {[%emt 0:13:59]} Nxf3+ {[%emt 0:03:39]} 18. exf3 {[%emt 0:01:13]} Bd7 {[%emt 0:12:53]} 19. Na4 {[%emt 0:02:18]} Bd4 {[%emt 0:03:29]} 20. Bxd4 {[%emt 0:00:09]} exd4 {[%emt 0:00:07]} 21. Re1+ {[%emt 0:00:13]} Kf8 {[%emt 0:01:43]} 22. Rc1 {[%emt 0:00:35]} Qa6 {[%emt 0:06:45]} 23. Nc5 {[%emt 0:00:06]} Qd6 {[%emt 0:00:42]} 24. Nxd7+ {[%emt 0:00:32]} Qxd7 $18 {[%emt 0:01:42]} 25. Qd2 {[%emt 0:01:15]} h4 {[%emt 0:02:28]} 26. Qf4 {[%emt 0:00:06]} Re8 {[%emt 0:05:38]} 27. Rxe8+ {[%emt 0:04:32]} Nxe8 {[%emt 0:01:01]} 28. Qxd4 {[%emt 0:00:21]} Rh6 {[%emt 0:01:38]} 29. f4 {[%emt 0:00:46]} hxg3 {[%emt 0:01:08]} 30. hxg3 {[%emt 0:00:09]} Nf6 {[%emt 0:03:16]} 31. Qc5+ {[%emt 0:00:07]} 1-0

[Event "18th Brasschaat Open 2018"]
[Site "Brasschaat"]
[Date "2018.08.24"]
[Round "7"]
[White "Van Herck, Marcel"]
[Black "Dgebuadze, Alexandre"]
[Result "1/2-1/2"]
[WhiteElo "2019"]
[BlackElo "2511"]
[Annotator "TA"]
[PlyCount "89"]
[EventDate "2018.08.18"]
[EventType "swiss"]
[EventCountry "BEL"]
[SourceTitle "playchess.com"]
[Source "ChessBase"]
[SourceQuality "1"]

{[%evp 13,89,29,38,45,55,37,50,5,50,29,11,0,0,2,1,6,14,-16,-16,-16,-20,-40,-16,-23,-16,-16,-18,-19,-19,-32,-29,-37,5,-25,-13,-48,-50,-97,0,0,0,0,20,8,19,27,29,21,25,17,19,19,23,18,22,0,0,0,0,0,0,0,0,0,0,0,0,0,0,0,0,0,0,0,0,0,0,0]} 1. e4 e6 2. d4 d5 3. Nc3 Bb4 4. exd5 exd5 5. Bd3 Nc6 6. a3 Ba5 7. Nge2 Bg4 {LiveBook: 5 Games. C01: French: Exchange Variation} (7... Nge7 8. O-O O-O 9. Bg5 f6 10. Be3 Bf5 11. Nf4 Bxc3 12. bxc3 Qd7 13. c4 Bxd3 14. Qxd3 Rad8 15. Rab1 b6 16. Rb5 dxc4 17. Qxc4+ {0-1 (48) Hou,Y (2680)-Mamedyarov,S (2804) Wijk aan Zee 2018}) 8. f3 Be6 9. O-O Nge7 {White is slightly better.} 10. Bg5 h6 $146 (10... Bb6 {feels hotter.} 11. Bb5 f6 12. Be3 a6 13. Bd3 O-O) ({Predecessor:} 10... Bb6 11. Bb5 O-O 12. Na4 Qd7 13. Re1 Rfe8 14. Nxb6 axb6 {1-0 (41) Petrov,I-Frolova,L (1749) Samara 2008}) 11. Bxe7 Nxe7 12. b4 Bb6 13. Na4 {[%cal Bc3a4,Ba4c5,Bc5d3][%mdl 32]} O-O 14. c3 c6 15. Nc5 Bc8 16. Ng3 Bc7 17. Bc2 b6 18. Nd3 $1 Bxg3 19. hxg3 Nf5 $36 {[%mdl 2048] White must now prevent ...Ne3. Black is pushing.} 20. Qe1 $1 Qg5 21. g4 Ne3 22. Rf2 Re8 {...Bxg4! is the strong threat.} 23. Re2 Re6 $1 24. Qf2 Ba6 25. Ree1 Bxd3 ({Better is} 25... Rae8 $17 26. Bb1 Bxd3 27. Bxd3 h5) 26. Bxd3 $11 Rae8 27. Re2 h5 28. Rae1 {[#] Strongly threatening f4.} hxg4 {Threatens to win with ...g3.} 29. f4 g3 ({Wrong is} 29... Qe7 $2 30. f5 $18) 30. fxg5 gxf2+ 31. Kxf2 {[%cal Re2e3]} Nc4 $1 32. Bxc4 dxc4 33. Rxe6 Rxe6 {The position is equal.} 34. Rxe6 fxe6 {[%mdl 4096] Endgame KP-KP} 35. Kf3 Kf7 36. Kf4 Ke7 37. Ke5 b5 38. Kf4 Kd6 39. Ke4 Ke7 40. Ke5 Kd7 41. Kf4 Kd6 42. Ke4 Ke7 43. Ke5 Kd7 44. Kf4 Kd6 45. Ke4 {Precision: White = 64%, Black = 63%.} 1/2-1/2

[Event "18th Brasschaat Open 2018"]
[Site "Brasschaat"]
[Date "2018.08.24"]
[Round "7"]
[White "Sikkel, Dirk"]
[Black "Naalden, Marc"]
[Result "0-1"]
[WhiteElo "1973"]
[BlackElo "1860"]
[Annotator "NA"]
[PlyCount "82"]
[EventDate "2018.08.18"]
[EventType "swiss"]
[EventCountry "BEL"]
[SourceTitle "playchess.com"]
[Source "ChessBase"]
[SourceQuality "1"]
[TimeControl "40/5400+30:1800+30"]

1. e4 {[%emt 0:00:00]} e5 {[%emt 0:00:00]} 2. Nf3 {[%emt 0:00:00]} Nc6 {[%emt 0:00:00]} 3. Bb5 {[%emt 0:00:00]} a6 {[%emt 0:00:00]} 4. Bxc6 {[%emt 0:00:06]} dxc6 {[%emt 0:00:12]} 5. O-O {[%emt 0:00:17]} Bg4 {[%emt 0:00:11]} 6. h3 {[%emt 0:00:21]} h5 {[%emt 0:00:11]} 7. d3 {[%emt 0:00:45]} Qf6 {[%emt 0:00:13]} 8. Nbd2 {[%emt 0:00:52]} g5 {[%emt 0:00:25]} 9. Nc4 {[%emt 0:03:43] C68: Ruy Lopez: Exchange Variation, sidelines} Bxf3 {[%emt 0:00:14]} 10. Qxf3 {[%emt 0:00:35]} Qxf3 {[%emt 0:00:09]} 11. gxf3 {[%emt 0:00:09] LiveBook: 35 Games} f6 {[%emt 0:00:08]} 12. Be3 {[%emt 0:07:51]} (12. Rd1 Ne7 13. Ne3 {½-½ (13) Solak,D (2635)-Sethuraman,S (2640) Kragujevac 2016}) 12... O-O-O {[%emt 0:04:35]} 13. Rad1 {[%emt 0:02:13]} Ne7 $146 {[%emt 0:05:09]} ({Predecessor:} 13... Rh7 14. Kh2 Nh6 15. h4 Nf7 16. hxg5 fxg5 {½-½ (43) Rosner,D (2180)-De Souza,A (2144) GER email 2006}) 14. d4 {[%emt 0:02:30]} Ng6 {[%emt 0:01:46]} 15. dxe5 {[%emt 0:13:17]} Rxd1 {[%emt 0:00:16]} 16. Rxd1 {[%emt 0:00:08]} b5 {[%emt 0:00:10]} 17. Na5 {[%emt 0:01:48]} Nxe5 {[%emt 0:00:31]} 18. Kg2 {[%emt 0:00:46]} Bd6 {[%emt 0:04:52]} 19. c3 {[%emt 0:12:01]} Ng6 {[%emt 0:05:45]} 20. Kf1 {[%emt 0:04:16]} c5 {[%emt 0:04:17]} 21. Nb3 {[%emt 0:01:09]} c4 {[%emt 0:02:51]} 22. Nc1 {[%emt 0:03:05]} (22. Nd4 $11) 22... Rd8 {[%emt 0:05:50]} 23. Ke1 {[%emt 0:11:48]} Bf4 {[%emt 0:03:25]} 24. Rxd8+ {[%emt 0:10:06]} Kxd8 {[%emt 0:00:06]} 25. Kd2 {[%emt 0:04:01]} Bd6 {[%emt 0:05:02]} 26. Ne2 {[%emt 0:04:59]} c5 {[%emt 0:00:15]} 27. Kc2 {[%emt 0:03:40]} h4 {[%emt 0:03:02]} 28. Ng1 {[%emt 0:02:42]} Kd7 {[%emt 0:00:48]} 29. Kd2 {[%emt 0:00:21]} Kc6 {[%emt 0:00:36]} 30. Ne2 {[%emt 0:01:30]} a5 {[%emt 0:00:45]} 31. Kc2 {[%emt 0:00:39]} Be5 {[%emt 0:02:04]} 32. a3 {[%emt 0:00:33]} Bh2 {[%emt 0:03:19]} 33. Kd2 {[%emt 0:03:33]} b4 {[%emt 0:02:01]} 34. axb4 {[%emt 0:00:24]} cxb4 {[%emt 0:00:18]} 35. Nd4+ {[%emt 0:01:48]} Kd7 {[%emt 0:00:22]} 36. cxb4 {[%emt 0:02:31]} axb4 {[%emt 0:00:10]} 37. Kc2 {[%emt 0:00:54]} Be5 {[%emt 0:00:29]} 38. Ne2 {[%emt 0:01:37]} Kc6 $17 {[%emt 0:00:22]} (38... b3+ $19 39. Kb1 Bd6) 39. Bd2 {[%emt 0:01:11]} b3+ {[%emt 0:00:46]} 40. Kd1 {[%emt 0:00:55]} Bxb2 {[%emt 0:00:22]} 41. f4 {[%emt 0:30:31]} Nxf4 {[%emt 0:31:23]} 0-1

[Event "18th Brasschaat Open 2018"]
[Site "Brasschaat"]
[Date "2018.08.24"]
[Round "7"]
[White "Butzen, Robin"]
[Black "Kazarian, Anna-Maja"]
[Result "0-1"]
[WhiteElo "1899"]
[BlackElo "2183"]
[Annotator "NA"]
[PlyCount "108"]
[EventDate "2018.08.18"]
[EventType "swiss"]
[EventCountry "BEL"]
[SourceTitle "playchess.com"]
[Source "ChessBase"]
[SourceQuality "1"]
[TimeControl "40/5400+30:1800+30"]

1. c4 {[%emt 0:00:00]} Nf6 {[%emt 0:00:00]} 2. Nc3 {[%emt 0:01:15]} e6 {[%emt 0:00:21]} 3. d4 {[%emt 0:00:11]} Bb4 {[%emt 0:00:07]} 4. Qc2 {[%emt 0:00:03]} d5 {[%emt 0:14:55]} 5. cxd5 {[%emt 0:04:12]} exd5 {[%emt 0:00:28]} 6. Bg5 {[%emt 0:00:20]} c6 {[%emt 0:03:44]} 7. e3 {[%emt 0:00:11]} Nbd7 {[%emt 0:04:12]} 8. Bd3 {[%emt 0:00:12] D35: Queen's Gambit Declined: Exchange Variation} Nf8 {[%emt 0:02:05]} (8... Qe7 9. Nge2 h6 10. Bh4 Nf8 11. O-O Bd6 12. Bxf6 Qxf6 13. e4 dxe4 14. Nxe4 Qd8 15. d5 cxd5 {1-0 (27) So,W (2678)-Brooks,M (2430) Saint Louis 2012}) 9. Nge2 {[%emt 0:00:48]} Ne6 {[%emt 0:01:24]} 10. Bh4 {[%emt 0:00:54]} g6 {[%emt 0:08:58]} 11. O-O {[%emt 0:02:08]} O-O {[%emt 0:00:24]} 12. f3 {[%emt 0:01:46]} Be7 {[%emt 0:02:17]} 13. Rad1 {[%emt 0:04:14]} b5 $146 {[%emt 0:07:12]} ({Predecessor:} 13... b6 14. h3 Bb7 15. Bf2 c5 16. dxc5 bxc5 {½-½ (32) Remlinger,L (2455)-Frias Pablaza,V (2480) New York 1994}) 14. Kh1 {[%emt 0:10:21]} a5 {[%emt 0:08:49]} 15. e4 {[%emt 0:17:30]} b4 {[%emt 0:01:27]} 16. Bxf6 {[%emt 0:04:45]} Bxf6 {[%emt 0:00:06]} 17. exd5 {[%emt 0:00:14]} cxd5 {[%emt 0:03:42]} 18. Na4 {[%emt 0:21:28]} Bd7 {[%emt 0:10:04]} 19. Nc5 {[%emt 0:07:25]} Rc8 {[%emt 0:00:23]} 20. Nxe6 {[%emt 0:05:15]} Bxe6 {[%emt 0:00:24]} 21. Qd2 {[%emt 0:00:41]} Qd7 {[%emt 0:05:00]} 22. Rc1 {[%emt 0:02:12]} Bf5 {[%emt 0:03:16]} 23. Ba6 {[%emt 0:01:28]} Rc6 {[%emt 0:02:23]} 24. Bd3 {[%emt 0:06:04]} Bxd3 {[%emt 0:00:06]} 25. Qxd3 {[%emt 0:00:06]} Rfc8 {[%emt 0:00:34]} 26. g3 $17 {[%emt 0:01:35]} Rxc1 {[%emt 0:08:32]} 27. Rxc1 {[%emt 0:00:07]} Rxc1+ {[%emt 0:00:03]} 28. Nxc1 {[%emt 0:00:15]} Qc6 {[%emt 0:00:30]} 29. Nb3 {[%emt 0:05:58]} Qa4 {[%emt 0:06:20]} 30. Nc1 {[%emt 0:01:37]} b3 {[%emt 0:01:02]} 31. axb3 {[%emt 0:00:33]} Qa1 {[%emt 0:00:23]} 32. Qd2 {[%emt 0:00:57]} Bxd4 {[%emt 0:01:15]} 33. Qxd4 {[%emt 0:00:33]} Qxc1+ {[%emt 0:00:04]} 34. Kg2 {[%emt 0:00:36]} Qc2+ {[%emt 0:00:05]} 35. Kh3 {[%emt 0:00:06]} Qxb3 {[%emt 0:00:11]} 36. f4 {[%emt 0:00:50]} Qc4 {[%emt 0:00:56]} 37. Qb6 {[%emt 0:00:05]} Qc8+ {[%emt 0:01:54]} 38. Kg2 {[%emt 0:00:45]} a4 {[%emt 0:01:18]} 39. Qb5 {[%emt 0:00:38]} Qc2+ {[%emt 0:00:19]} 40. Kh3 {[%emt 0:00:06]} Qf5+ {[%emt 0:01:26]} 41. Kg2 {[%emt 0:30:07]} Qe4+ {[%emt 0:30:06]} 42. Kf2 {[%emt 0:01:20]} Kg7 {[%emt 0:01:06]} 43. h4 {[%emt 0:00:38]} h5 {[%emt 0:00:18]} 44. Qb6 {[%emt 0:00:42]} d4 {[%emt 0:00:46]} 45. Qb8 {[%emt 0:00:11]} Qe3+ {[%emt 0:01:08]} 46. Kf1 {[%emt 0:00:29]} Qf3+ {[%emt 0:01:30]} 47. Ke1 {[%emt 0:00:22]} Qxg3+ {[%emt 0:00:06]} 48. Ke2 {[%emt 0:00:06]} Qe3+ {[%emt 0:00:23]} 49. Kd1 {[%emt 0:00:09]} Qb3+ {[%emt 0:00:00]} 50. Qxb3 {[%emt 0:00:00]} axb3 {[%emt 0:00:00]} 51. Kd2 {[%emt 0:00:00]} Kf6 {[%emt 0:00:00]} 52. Kd3 {[%emt 0:00:00]} Kf5 {[%emt 0:00:00]} 53. Kxd4 {[%emt 0:00:00]} Kxf4 {[%emt 0:00:00]} 54. Kc3 {[%emt 0:00:00]} g5 {[%emt 0:00:00]} 0-1

[Event "18th Brasschaat Open 2018"]
[Site "Brasschaat"]
[Date "2018.08.24"]
[Round "7"]
[White "Raats, Joppe"]
[Black "Tikranian, Alik"]
[Result "0-1"]
[WhiteElo "1862"]
[BlackElo "2295"]
[Annotator "NA"]
[PlyCount "74"]
[EventDate "2018.08.18"]
[EventType "swiss"]
[EventCountry "BEL"]
[SourceTitle "playchess.com"]
[Source "ChessBase"]
[SourceQuality "1"]
[TimeControl "40/5400+30:1800+30"]

1. e4 {[%emt 0:00:00]} e5 {[%emt 0:00:00]} 2. Nf3 {[%emt 0:00:00]} Nc6 {[%emt 0:00:00]} 3. Bc4 {[%emt 0:00:23]} Bc5 {[%emt 0:00:01]} 4. Nc3 {[%emt 0:00:11]} Nf6 {[%emt 0:00:16]} 5. d3 {[%emt 0:00:35]} d6 {[%emt 0:00:07]} 6. O-O {[%emt 0:01:08]} Bg4 {[%emt 0:00:13]} 7. h3 {[%emt 0:01:01]} Bh5 {[%emt 0:00:08]} 8. Be3 {[%emt 0:01:30]} Qd7 {[%emt 0:02:08] C50: Hungarian Defence and Giuoco Pianissimo} (8... Bxe3 $11 {remains equal.} 9. fxe3 Na5) (8... Nd4 9. g4 Bg6 10. Bxd4 exd4 11. Ne2 d5 12. exd5 Nxd5 13. Bxd5 Qxd5 14. Nf4 Qd8 15. Re1+ Be7 16. Qe2 {1-0 (41) Shirov,A (2709)-Bailet,P (2476) Riga 2014}) 9. a3 {[%emt 0:03:43]} ({White should try} 9. Bxc5 $14 dxc5 10. Bb5) 9... a6 {[%emt 0:00:40]} 10. Kh2 $146 {[%emt 0:01:17]} (10. Bxc5 $11 dxc5 11. Bd5) ({Predecessor:} 10. Nd5 Nxd5 11. exd5 Bxf3 12. Qxf3 Nd4 13. Qd1 Ba7 14. c3 Nf5 15. Bxa7 Rxa7 16. Re1 {0-1 (30) Fu,L-Monadjem,M Caldas Novas 2011}) 10... h6 {[%emt 0:01:05]} (10... Nd4 $15) 11. Nd5 {[%emt 0:01:30]} Nxd5 {[%emt 0:04:59]} 12. exd5 {[%emt 0:02:51]} Nd4 {[%emt 0:04:46] [#]} 13. Bxd4 {[%emt 0:03:54]} (13. Nxe5 $1 $16 Bxd1 14. Nxd7 Kxd7 15. Raxd1) 13... Bxd4 {[%emt 0:00:24]} 14. c3 {[%emt 0:00:58]} Ba7 {[%emt 0:00:12]} 15. Qe2 {[%emt 0:08:25]} (15. d4 $15) 15... O-O-O {[%emt 0:02:58]} 16. b4 {[%emt 0:04:40]} f5 {[%emt 0:00:47]} 17. Qb2 {[%emt 0:05:44]} g5 {[%emt 0:07:33]} 18. a4 {[%emt 0:06:02]} Kb8 {[%emt 0:08:25]} 19. a5 {[%emt 0:01:37]} Be8 {[%emt 0:03:37]} 20. Rfb1 {[%emt 0:02:17]} g4 {[%emt 0:05:59]} 21. Ng1 {[%emt 0:15:38]} gxh3 {[%emt 0:19:48]} 22. Nxh3 {[%emt 0:02:20]} Rg8 {[%emt 0:00:28]} 23. Qe2 {[%emt 0:03:43]} (23. b5 $1 $11 axb5 24. a6) 23... Qg7 {[%emt 0:01:42]} 24. Qf1 {[%emt 0:00:17]} Bb5 {[%emt 0:06:08]} 25. Bxb5 {[%emt 0:02:35]} axb5 {[%emt 0:00:08]} 26. c4 {[%emt 0:01:42]} Bd4 {[%emt 0:01:00]} 27. Ra2 {[%emt 0:02:10]} f4 {[%emt 0:01:02]} 28. f3 {[%emt 0:01:45]} Qf7 {[%emt 0:04:11]} 29. a6 $17 {[%emt 0:07:46]} Rg3 {[%emt 0:07:23]} 30. Rb3 {[%emt 0:08:56]} Rdg8 {[%emt 0:00:33]} 31. axb7 {[%emt 0:05:33]} Kxb7 {[%emt 0:00:20]} 32. Rba3 {[%emt 0:00:26]} R8g5 {[%emt 0:05:42]} 33. Rc2 {[%emt 0:01:22]} Qg6 {[%emt 0:01:06]} 34. Raa2 {[%emt 0:00:13]} Rxh3+ {[%emt 0:00:39]} 35. gxh3 {[%emt 0:00:42]} Rg1 {[%emt 0:00:07]} 36. Rg2 {[%emt 0:00:05]} Qg3+ {[%emt 0:00:11]} 37. Rxg3 {[%emt 0:00:30]} fxg3# {[%emt 0:00:07]} 0-1